| 000 | 01294nam2a2200313 4500 | ||
|---|---|---|---|
| 001 | RU\NLR\bibl\1222640 | ||
| 005 | 20250615111849.0 | ||
| 010 |
_a978-5-91250-158-6 _910000 |
||
| 021 |
_aRU _b2008-17077 _9933 |
||
| 035 | _a(NLR Aleph) 001208978 | ||
| 090 |
_a65936 _c65936 |
||
| 100 | _a20080505d2008 |||y0rusy50 ca | ||
| 101 | 1 |
_arus _ceng |
|
| 102 | _aRU | ||
| 105 | _aa ||||||||| | ||
| 200 | 0 |
_aКн. 2 _f[Гарри Р. Линн, Ричард Левитон, Лора Фэй Тэксел и др.] |
|
| 210 |
_d2008 _aБ. м. |
||
| 215 |
_a287 с. _cил. |
||
| 300 | _aАвт. указаны в содерж. | ||
| 320 | _aБиблиогр. в подстроч. прим. | ||
| 461 | 0 |
_1001RU\NLR\bibl\1291313 _12001#$aДревний секрет источника молодости$vКн. 2 _9474899 _cМосква _d2008 _fпод ред. Питера Кэлдера и Берни С. Сиджела _nСофия _tДревний секрет источника молодости _vКн. 2 |
|
| 701 | 1 |
_aЛинн _bГ. Р. _gГарри Р. _4070 |
|
| 701 | 1 |
_aЛевитон _bР. _gРичард _4070 |
|
| 701 | 1 |
_aТэксел _bЛ. Ф. _gЛора Фэй _4070 |
|
| 801 | 0 |
_aRU _bNLR _c20080505 _gRCR |
|
| 801 | 1 |
_aRU _bNLR _c20080505 |
|
| 942 | _cBOOK | ||
| 980 | _aNB | ||